[Event "St Petersburg-ch U18"]
[Site "St Petersburg"]
[Date "2007.10.11"]
[Round "7"]
[White "Pen, Pyotr"]
[Black "Palchun, Grigory"]
[Result "1/2-1/2"]
[WhiteElo "2003"]
[BlackElo "2051"]
[PlyCount "42"]
[EventDate "2007.10.05"]
[EventType "swiss"]
[EventRounds "9"]
[EventCountry "RUS"]
[SourceTitle "EXT 2009"]
[Source "ChessBase"]
[SourceDate "2008.11.26"]
[SourceVersion "1"]
[SourceVersionDate "2008.11.26"]
[SourceQuality "1"]

1. e4 c5 2. Nf3 a6 3. d4 cxd4 4. Nxd4 Nf6 5. Nc3 e5 6. Nf5 d5 7. Bg5 d4 8. Bxf6 gxf6 9. Ne2 Bxf5 10. exf5 Nc6 11. a3 Bh6 12. Ng3 Qa5+ 13. b4 Qb6 14. Bc4 Nd8 15. 0-0 Bf8 16. Kh1 Qc7 17. Qe2 Nc6 18. Rab1 0-0-0 19. b5 axb5 20. Rxb5 d3 21. cxd3 Nd4 1/2-1/2

[Event "St Petersburg-ch U18"]
[Site "St Petersburg"]
[Date "2007.10.09"]
[Round "5"]
[White "Pen, Pyotr"]
[Black "Serov, Maksim"]
[Result "0-1"]
[WhiteElo "2003"]
[BlackElo "2305"]
[PlyCount "46"]
[EventDate "2007.10.05"]
[EventType "swiss"]
[EventRounds "9"]
[EventCountry "RUS"]
[SourceTitle "EXT 2009"]
[Source "ChessBase"]
[SourceDate "2008.11.26"]
[SourceVersion "1"]
[SourceVersionDate "2008.11.26"]
[SourceQuality "1"]

1. e4 c5 2. Nf3 e6 3. d4 cxd4 4. Nxd4 Nf6 5. Nc3 d6 6. Bc4 Be7 7. 0-0 0-0 8. Bb3 Na6 9. Be3 Nc5 10. f3 a6 11. Qe2 Qc7 12. Rfd1 b5 13. a3 Nxb3 14. cxb3 Bd7 15. Rac1 Qb7 16. b4 Rac8 17. Nb3 Qb8 18. e5 dxe5 19. Bc5 Rfe8 20. Kh1 Bc6 21. Bxe7 Rxe7 22. Nc5 Ra7 23. Re1 a5 0-1

[Event "St Petersburg-ch U18"]
[Site "St Petersburg"]
[Date "2007.10.05"]
[Round "1"]
[White "Duzhakov, Ilya"]
[Black "Pen, Pyotr"]
[Result "1-0"]
[WhiteElo "2118"]
[BlackElo "2003"]
[PlyCount "37"]
[EventDate "2007.10.05"]
[EventType "swiss"]
[EventRounds "9"]
[EventCountry "RUS"]
[SourceTitle "EXT 2009"]
[Source "ChessBase"]
[SourceDate "2008.11.26"]
[SourceVersion "1"]
[SourceVersionDate "2008.11.26"]
[SourceQuality "1"]

1. d4 Nf6 2. c4 e6 3. Nf3 d5 4. Nc3 Be7 5. cxd5 exd5 6. Bg5 0-0 7. Qc2 h6 8. Bh4 Na6 9. e3 c6 10. a3 Nc7 11. Bd3 Ne6 12. 0-0 Re8 13. Rae1 b6 14. Ne5 Bb7 15. f4 Rc8 16. Bf5 Rf8 17. Rf3 Nd7 18. Bxe7 Qxe7 19. Rg3 1-0